Statistics for Denver Nuggets All-NBA Players

Click here to take the quiz!

General Stats

  • This quiz has been taken 157 times
  • The average score is 5 of 7

Answer Stats

Player% Correct
Nikola Jokić
99%
Carmelo Anthony
96%
Alex English
88%
David Thompson
69%
Chauncey Billups
61%
Fat Lever
53%
Antonio McDyess
36%

Score Distribution

Percentile by Number Answered

Percent of People with Each Score

Your Score History

You have not taken this quiz